000 00641nam a2200193 i 4500
001 107038
003 ES-MaACL
005 20230906184332.0
007 t|
008 061121s1958 sp r ||||1| spa d
100 1 _aMoreu Curbera, José María.
_983493
245 1 0 _aManual de navegación /
_cMoreu Curbera..., Martínez Jiménez ; prólogo de Leopoldo Boado Endeiza.
260 _aVigo :
_b[s.n.],
_c1958 (
_fGráficas Noroeste)
300 _a319 p. ;
_c24 cm.
650 4 _aNavegación.
_9136583
700 1 _aMartínez Jiménez, Enrique.
_978163
700 1 _aBoado Endeiza, Leopoldo.
_929626
852 _aES-MaACL
_jC-14584
_bR.42417
999 _c107038
_d107038